000 00524nam a2200193Ia 4500
003 0OSt
005 20260114093322.0
008 240810s9999 xx 000 0 und d
020 _a978-989-20-1488-3
040 _aBiblioteca Geral-Universidade Lusíada de Angola
_cBULA
082 _m9(1)
_a308
100 _aCRISTÃO , Antonio A.M.
_9968
245 0 _aMemorias de Angra-do-Negro
260 _aLuanda ,
_bGodal
_c2009.
300 _a335p
650 _aPolitica
700 _aAntonio A.M.Cristão
942 _cLivros
_2ddc
999 _c591
_d591